UBT Library

Guide to London museums and galleries. (Record no. 42868)

000 -LEADER
fixed length control field 00931cas a22002891 4500
001 - CONTROL NUMBER
control field 11150115
005 - DATE AND TIME OF LATEST TRANSACTION
control field 20180220033157.0
008 - FIXED-LENGTH DATA ELEMENTS--GENERAL INFORMATION
fixed length control field 750827u1935uuuuenkuu f0 a1eng
010 ## - LIBRARY OF CONGRESS CONTROL NUMBER
LC control number 56056393
035 ## - SYSTEM CONTROL NUMBER
System control number (OCoLC)ocm01575545
040 ## - CATALOGING SOURCE
Original cataloging agency DLC
Language of cataloging eng
Transcribing agency GUA
Modifying agency DLC
-- OCL
-- NST
-- DLC
-- OCL
-- OCLCQ
-- OCLCF
-- OCLCO
-- OCLCA
041 ## - LANGUAGE CODE
Language code of text/sound track or separate title eng
042 ## - AUTHENTICATION CODE
Authentication code pcc
043 ## - GEOGRAPHIC AREA CODE
Geographic area code e-uk-en
080 ## - UNIVERSAL DECIMAL CLASSIFICATION NUMBER
Universal Decimal Classification number 708.2 SEA
082 0# - DEWEY DECIMAL CLASSIFICATION NUMBER
Classification number 708.2 SEA
100 ## - Rafti
Rafti 44
101 ## - Shkurtesa
Shkurtesa ART
245 10 - TITLE STATEMENT
Title Guide to London museums and galleries.
247 00 - FORMER TITLE
Title Brief guide to the national museums and galleries of London
Date or sequential designation 1st-3d ed.
362 0# - DATES OF PUBLICATION AND/OR SEQUENTIAL DESIGNATION
Dates of publication and/or sequential designation [1st]- ed.
590 ## - LOCAL NOTE (RLIN)
Local note SERBIB/SERLOC merged record
776 08 - ADDITIONAL PHYSICAL FORM ENTRY
Display text Online version:
Main entry heading Great Britain. Standing Commission on Museums and Galleries.
Title Guide to London museums and galleries
Record control number (OCoLC)742425859
906 ## - LOCAL DATA ELEMENT F, LDF (RLIN)
a 7
b cbc
c serials
d 4
e ncip
f 19
g n-oclcserc
942 ## - ADDED ENTRY ELEMENTS (KOHA)
Source of classification or shelving scheme
Item type Books
Holdings
Withdrawn status Lost status Source of classification or shelving scheme Damaged status Not for loan Collection code Permanent location Current location Shelving location Date acquired Total Checkouts Full call number Barcode Date last seen Price effective from Koha item type
          Koleksioni i përgjithshem UBT - Lipjan UBT - Lipjan Koleksioni i përgjithshem 02/20/2018   708.2 SEA 002-2998380 02/20/2018 02/20/2018 Books
UBT Library © 2015-2024. All rights reserved University Education for Business and Technology